000 00498nam a22001937i 4500
999 _c24058
_d24058
001 18637
005 20251113122022.0
008 211002s2021 xo ||||| |||| 00| 0 cze d
020 _a9788022211468
040 _aSMG502
_bcze
_erda
_csk
041 1 _acze
_hslo
100 1 _aRiley, Lucinda
_95298
245 1 0 _aSlnečná sestra
264 1 _aBratislava
_bTatran
_c2021
300 _a643 s.
336 _atext
_btxt
_2rdacontent
337 _abez média
_bn
_2rdamedia
338 _asvazek
_bnc
_2rdacarrier